| 000 | 00697nam a22001217a 4500 | ||
|---|---|---|---|
| 008 | 110707t xxu||||| |||| 00| 0 eng d | ||
| 010 | _aCDOCF139 | ||
| 245 | _aNotes on Judicial Conduct by Byamugisha Nester, Associate Principal Lecturer Standards Of Judicial Behaviour In Extra Judicial Activities | ||
| 260 | _c2010 | ||
| 999 |
_c4619 _d4619 |
||